| 000 | 00455nam a2200145 4500 | ||
|---|---|---|---|
| 008 | 151012b xxu||||| |||| 00| 0 eng d | ||
| 020 | _a0756400031 | ||
| 050 | _aSPE PS 3568 .R63 2001 | ||
| 100 |
_aRobertson, Jennifer. _d2001 |
||
| 245 |
_aChildren of the lion: _cJennifer, Robertson. |
||
| 260 |
_aNew York: _bDAW books, _c2001. |
||
| 300 | _a746 p. | ||
| 650 | _aEnglish fiction. | ||
| 942 |
_2lcc _cSH_L_BOOKS _hSPE PS 3568 .R63 2001 _05 |
||
| 999 |
_c8429 _d8429 |
||